| 000 | 01045 a2200289 4500 | ||
|---|---|---|---|
| 005 | 20150217065346.0 | ||
| 008 | 131203s2011 sp a frn 001 0 spa d | ||
| 020 | _a9788498015591 | ||
| 040 |
_aCo-BoUCM _bspa _cJose A. Gerena (modificó) _dDiana Londoño |
||
| 041 | 0 | 0 | _aspa |
| 245 | 0 | 0 |
_a50 teorías políticas apasionantes y significativas _cSteven L. Taylor...[y otros.] |
| 246 |
_aCincuenta teorías políticas _bapasionantes y significativas |
||
| 260 |
_aBarcelona (España) _bBlume _c2011 |
||
| 300 |
_a159 páginas _bilustraciones |
||
| 490 | _aGuía Breve | ||
| 504 | _aIncluye referencias bibliográficas e índices | ||
| 650 | 7 |
_915841 _aFilosofía política |
|
| 650 | 7 |
_925330 _aTeoría política |
|
| 690 |
_942754 _aCiencia política |
||
| 700 | 1 |
_aBailey, Michael _951950 |
|
| 700 | 1 |
_aBlum, Elizabeth _951951 |
|
| 700 | 1 |
_aDavis, G. Doug _951952 |
|
| 700 | 1 |
_aTaylor, Steven L. _951949 |
|
| 765 | 1 | _t30 - Second politics | |
| 942 |
_a1 _cLIBRO _e1 _mT314t _2DEWEY _h320.01 |
||
| 999 |
_c182774 _d182774 |
||